| 000 | 00528nam a2200217Ia 4500 | ||
|---|---|---|---|
| 008 | 210210b2008 xxu||||| |||| 00| 0 eng d | ||
| 020 | _a0335211380 | ||
| 041 | _aeng | ||
| 082 | _a155.9 OGDE | ||
| 100 | _aOGDEN (Jane) Ed | ||
| 245 | _aEssential readings in health psychology | ||
| 260 |
_aMaidenhead _bOpen University Press _c2008 |
||
| 300 | _axiv,516 | ||
| 650 | _areadings | ||
| 650 | _apsychology | ||
| 650 | _ain | ||
| 650 | _ahealth | ||
| 650 | _aEssential | ||
| 690 | _aHealth Psychology | ||
| 906 | _a065435 | ||
| 999 |
_c142775 _d142775 |
||